Les noms des opening de Dragon Ball - Statistiques

Statistiques générales
  • Ce quiz a été pris 28 fois
  • Le résultat moyen est 4 sur 9
Statistiques - réponses
Série Titre de l'opening % Correct
Dragon Ball Z Cha-La Head-Cha-La
93%
Dragon Ball GT Dan Dan Kokoro Hikarete ku
67%
Dragon Ball Z We Gotta Power
56%
Dragon Ball Makafushigi Adventure
44%
Dragon Ball Kai Dragon Soul
33%
Dragon Ball Super Chōzetsu Dynamic!
30%
Dragon Ball Super Genkaitoppa X Survivor
30%
Dragon Ball Daima Jaka Jaan
30%
Dragon Ball Kai Fight It Out
22%
Aucun quiz correspondant
Distribution des résultats
% des personnes avec chaque résultat
Percentile par nombre de réponses
Votre historique - résultats
Vous n’avez pas pris ce quiz